Country Quiz: Kyrgyzstan 🇰🇬 - Statistics

General Stats
  • This quiz has been taken 22 times
  • The average score is 17 of 25
Answer Stats
Hint Answer % Correct
Between 1876-1990s, Kyrgyzstan was under control of this country Russia
100%
Time zones 1 (UTC+6)
92%
Capital Bishkek
92%
Main Religion Islam
92%
Language Kyrgyz
92%
Between 1936-90s, Kyrgyzstan became a constituent of this union Soviet Union
92%
Year of Independence 1991
85%
Bordering Countries China
85%
Kazakhstan
85%
Tajikistan
85%
Uzbekistan
85%
1/44 Countries to lack access to any ocean, otherwise known as... Landlocked
77%
Between the 13-14th century, Kyrgyzstan was part of this empire Mongol Empire
77%
Nationality Kyrgyzstani
69%
Second-Largest City Osh
69%
Currency Som
69%
State-Condition Republic
62%
Main Export (goods) Gold
54%
This type of food is considered holy in Kyrgyzstan Bread
38%
Type of Government Presidential / Unitary
38%
Leader (2020-21 and 2021-) Sadyr Japarov
38%
Main Trading Partner (top destination) United Kingdom
38%
Climate Continental
31%
Founding Father and Most Famous Leader (1991-2005) Askar Akayev
15%
Main River Syr Darya
8%
No matching quizzes found
Score Distribution
Percent of People with Each Score
Percentile by Number Answered
Your Score History
You have not taken this quiz